00514cam a22001692 4500001001100000005001700011008004100028020001700069040001500086100003300101245006200134250001300196260004800209300001600257650006800273852000300341000002363820151217154504.0130313s xx 000 0 eng d a0335206530 : aKABUcKABU1 aKemshall, Hazel.@000018322110aUnderstanding risk in criminal justice /cHazel Kemshall. a1st ed. aMaidenhead :bOpen University Press,c2003. axi, 191 p. 0aCriminal justice, Administration ofzGreat Britain.@00001832201